书目信息 |
| 题名: |
外国现代教育史
|
|
| 作者: | 赵祥麟 主编 | |
| 分册: | ||
| 出版信息: | 上海 华东师范大学出版社 1987 |
|
| 页数: | 466页 | |
| 开本: | 20cm | |
| 丛书名: | 教育科学丛书 | |
| 单 册: | ||
| 中图分类: | G519 , G40-09 | |
| 科图分类: | ||
| 主题词: | 教育史--外国--现代 | |
| 电子资源: | ||
| ISBN: | ||
| 000 | 00797nam2 2200289 45 | |
| 001 | 0187001768 | |
| 005 | 20040429090343.1 | |
| 010 | @dCNY2.85 | |
| 091 | @a7135.209 | |
| 100 | @a19920424d1987 emky0chiy0121 ea | |
| 101 | 0 | @achi |
| 102 | @aCN@b310000 | |
| 105 | @ay z 000yy | |
| 106 | @ar | |
| 200 | 10 | @a外国现代教育史@Awai guo xian dai jiao yu shi@f赵祥麟主编 |
| 210 | @a上海@c华东师范大学出版社@d1987 | |
| 215 | @a466页@d20cm | |
| 225 | 2 | @a教育科学丛书 |
| 300 | @a高等学校文科教学参考书 | |
| 410 | 0 | @120010@a教育科学丛书 |
| 606 | @a教育史@y外国@z现代 | |
| 690 | @aG519@v3 | |
| 690 | @aG40-09@v3 | |
| 701 | 0 | @a赵祥麟@Azhao xiang lin@4主编 |
| 801 | 0 | @aCN@b深圳图书馆@c20040428 |
| 801 | 2 | @aCN@bNLC@c20040428 |
| 905 | @f2@b204811-812@f1@b239770@f1@b239763@dG40-09@e112 | |
| 外国现代教育史/赵祥麟主编.-上海:华东师范大学出版社,1987 |
| 466页;20cm.-(教育科学丛书) |
| 高等学校文科教学参考书 |
| ISBN :CNY2.85 |
| ● |
| 相关链接 |
|
|
|
|
正题名:外国现代教育史
索取号:G40-09/112
 
预约/预借
| 序号 | 登录号 | 条形码 | 馆藏地/架位号 | 状态 | 备注 |
| 1 | 0204811 | 000237791 | 第四借阅区/ [索取号:G40-09/112] | 在馆 | |
| 2 | 0204812 | 000237666 | 密集书库/ [索取号:G40-09/112] | 在馆 | |
| 3 | 0239763 | 000237657 | 密集书库/ [索取号:G40-09/112] | 在馆 | |
| 4 | 0239765 | 000286540 | 第四借阅区/ [索取号:G40-09/112] | 在馆 | |
| 5 | 0239766 | 000269685 | 密集书库/ [索取号:G40-09/112] | 在馆 | |
| 6 | 0239767 | 000286559 | 密集书库/ [索取号:G40-09/112] | 在馆 | |
| 7 | 0239768 | 000285649 | 密集书库/ [索取号:G40-09/112] | 在馆 | |
| 8 | 0239769 | 000286531 | 密集书库/ [索取号:G40-09/112] | 在馆 | |
| 9 | 0239770 | 000237728 | 第四借阅区/ [索取号:G40-09/112] | 在馆 | |
| 10 | 0239771 | 000269667 | 密集书库/ [索取号:G40-09/112] | 在馆 | |
| 11 | 0239772 | 002064492 | 第一样本阅览室/ [索取号:G40-09/112] | 在馆 |